=LDR 00000nam 2200000 4500 =001 INLIS000000000050589 =005 20200316062530 =035 ##$$a 0010-0517000242 =007 ta =008 200316################g##########0#ind## =020 ##$$a 978-602-7734-43-2 =082 ##$$a 297.5 =084 ##$$a 297.5 UMA s =100 #$$a Umar, Ali Ahmad bin =245 1#$$a Saat cinta menjaga /$c Ali Ahmad bin Umar; editor, Aulia Novianty =250 ##$$a cet.1 =260 ##$$a Jakarta :$b Nashirussunnah,$c 2014 =300 ##$$a xxiv, 254 hlm. ; $c 23 x 16 cm. =650 #4$$a Akhlak =700 #$$a Aulia Novianty =990 ##$$a 31700992 =990 ##$$a 31700991